000 00490nam a2200205Ia 4500
008 170918s9999 xx 000 0 und d
020 _a9780545349291
050 _bL668 2011
100 _aLevy, Joel
245 _aPhobiapedia :
245 _ball the things we fear the most! /
245 _cby Joel Levy.
260 _aNew York :
260 _bScholastic,
260 _c2011
300 _a80 pages :
300 _bcolored illustration ;
300 _c29cm.
500 _a1140
999 _c343150
_d343150